Top 10 des sports les plus populaires au monde - Statistiques

Statistiques générales
  • Ce quiz a été pris 972 fois
  • Le résultat moyen est 6 sur 10
Statistiques - réponses
Hint Réponse % Correct
1 Football
99%
3 Basket ball
90%
4 Tennis
86%
7 Rugby
74%
6 Volleyball
58%
8 Baseball
55%
9 Golf
51%
10 Boxe
45%
2 Cricket
45%
5 Hockey sur glace
24%
Aucun quiz correspondant
Distribution des résultats
% des personnes avec chaque résultat
Percentile par nombre de réponses
Votre historique - résultats
Vous n’avez pas pris ce quiz